| 000 | 00647nam a2200241Ia 4500 | ||
|---|---|---|---|
| 003 | OSt | ||
| 005 | 20221005102312.0 | ||
| 006 | a|||||r|||| 00| 0 | ||
| 007 | ta | ||
| 008 | 221004b |||||||| |||| 00| 0 san d | ||
| 024 | _a106808 | ||
| 037 | _cTextual | ||
| 040 |
_aCRL _cCRL _bsan |
||
| 041 |
_2san _asan |
||
| 082 | _aO15,IJGO,1, 152M2.3 | ||
| 100 | _aGoswami | ||
| 245 | 0 | _aShri chaitanya charitamrit | |
| 260 |
_aVrindavan _bHarinam Sankirtan mandal India _c1982 |
||
| 300 |
_a445p. _ccm. |
||
| 650 | _aSANSKRIT LITERATURE | ||
| 942 |
_hO15,IJGO,1, 152M2.3 _cTEXL _2cc |
||
| 999 |
_c1008214 _d1008214 |
||